LEADER 01856nam 2200529 450 001 9910493669703321 005 20180613003011.0 010 $a1-57181-237-7 010 $a1-78238-989-X 035 $a(CKB)3710000000641285 035 $a(EBL)4462010 035 $a(MiAaPQ)EBC4462010 035 $a(EXLCZ)993710000000641285 100 $a20000801d2001 uy| 0 101 0 $aeng 135 $aur|n|---||||| 181 $2rdacontent 182 $2rdamedia 183 $2rdacarrier 200 00$aCelebrating ethnicity and nation $eAmerican festive culture from the Revolution to the early twentieth century /$fedited by Genevie?ve Fabre, Ju?rgen Heideking and Kai Dreisbach 210 1$aNew York :$cBerghahn Books,$d2001. 215 $a1 online resource (316 p.) 225 1 $aEuropean studies in American history ;$vvolume 1 300 $aPapers from the biennial conference of the European Association for American Studies, held in Lisbon, Portugal, April 1998. 311 $a1-57181-243-1 320 $aIncludes bibliographical references and index. 327 $aINDEX 410 0$aEuropean studies in American history ;$vv. 1. 606 $aFestivals$zUnited States$vCongresses 606 $aNationalism$zUnited States$vCongresses 606 $aEthnicity$zUnited States$vCongresses 608 $aElectronic books. 615 0$aFestivals 615 0$aNationalism 615 0$aEthnicity 676 $a394.269 702 $aHeideking$b Ju?rgen$f1947- 702 $aFabre$b Genevie?ve 702 $aDreisbach$b Kai 712 02$aEuropean Association for American Studies.$bConference$f(1998 :$eLisbon, Portugal), 801 0$bMiAaPQ 801 1$bMiAaPQ 801 2$bMiAaPQ 906 $aBOOK 912 $a9910493669703321 996 $aCelebrating ethnicity and nation$92452021 997 $aUNINA LEADER 02892nam 2200589Ia 450 001 9910792044503321 005 20170816131609.0 010 $a1-61277-331-1 035 $a(CKB)2560000000101538 035 $a(EBL)3119756 035 $a(SSID)ssj0000871127 035 $a(PQKBManifestationID)12317262 035 $a(PQKBTitleCode)TC0000871127 035 $a(PQKBWorkID)10820236 035 $a(PQKB)11337610 035 $a(MiAaPQ)EBC3119756 035 $a(EXLCZ)992560000000101538 100 $a20020313d2002 uy 1 101 0 $aeng 135 $aur|n|---||||| 181 $ctxt 182 $cc 183 $acr 200 10$aArthur Mervyn, or, Memoirs of the year 1793$b[electronic resource] $efirst and second parts /$fby Charles Brockden Brown ; edited by Sydney J. Krause and S.W. Reid 205 $aRevised 210 $aKent, Ohio $cKent State University Press$dc2002 215 $a1 online resource (492 p.) 300 $aDescription based upon print version of record. 311 $a0-87338-738-4 320 $aIncludes bibliographical references (p. 478-479). 327 $a""Cover""; ""Copyright""; ""Contents""; ""Arthur Mervyn, First Part""; ""Preface ""; ""Chapter I ""; ""Chapter II ""; ""Chapter III ""; ""Chapter IV ""; ""Chapter V ""; ""Chapter VI ""; ""Chapter VII ""; ""Chapter VIII ""; ""Chapter IX ""; ""Chapter X ""; ""Chapter XI ""; ""Chapter XII ""; ""Chapter XIII ""; ""Chapter XIV ""; ""Chapter XV ""; ""Chapter XVI ""; ""Chapter XVII ""; ""Chapter XVIII ""; ""Chapter XIX ""; ""Chapter XX ""; ""Chapter XXI ""; ""Chapter XXII ""; ""Chapter XXIII ""; ""Arthur Mervyn, Second Part""; ""Chapter I ""; ""Chapter II ""; ""Chapter III ""; ""Chapter IV "" 327 $a""Chapter V """"Chapter VI ""; ""Chapter VII ""; ""Chapter VIII ""; ""Chapter IX ""; ""Chapter X ""; ""Chapter XI ""; ""Chapter XII ""; ""Chapter XIII ""; ""Chapter XIV ""; ""Chapter XV ""; ""Chapter XVI ""; ""Chapter XVII ""; ""Chapter XVIII ""; ""Chapter XIX ""; ""Chapter XX ""; ""Chapter XXI ""; ""Chapter XXII ""; ""Chapter XXIII ""; ""Chapter XXIV ""; ""Chapter XXV ""; ""Introduction to the Historical Essay""; ""Historical Essay by Norman S. Grabo""; ""Selected Bibliography"" 517 3 $aArthur Mervyn 517 3 $aMemoirs of the year 1793 606 $aMurderers$vFiction 606 $aYellow fever$vFiction 606 $aYoung men$vFiction 607 $aPhiladelphia (Pa.)$vFiction 615 0$aMurderers 615 0$aYellow fever 615 0$aYoung men 676 $a813/.2 700 $aBrown$b Charles Brockden$f1771-1810.$0196359 701 $aKrause$b Sydney J$g(Sydney Joseph)$01205539 701 $aReid$b S. W$01550481 801 0$bMiAaPQ 801 1$bMiAaPQ 801 2$bMiAaPQ 906 $aBOOK 912 $a9910792044503321 996 $aArthur Mervyn, or, Memoirs of the year 1793$93809331 997 $aUNINA LEADER 02049nam 2200421 450 001 9910789307303321 005 20230807211121.0 010 $a2-8323-2151-8 035 $a(CKB)3580000000002219 035 $a(MiAaPQ)EBC6530468 035 $a(Au-PeEL)EBL6530468 035 $a(OCoLC)1244627160 035 $a(EXLCZ)993580000000002219 100 $a20220602d2015 uy 0 101 0 $afre 135 $aurcnu|||||||| 181 $ctxt$2rdacontent 182 $cc$2rdamedia 183 $acr$2rdacarrier 200 13$aLe minimum the?orique $etout ce qu'il faut savoir pour commencer a? faire de la physique /$fLeonard Susskind and George Hrabovsky 210 1$aLausanne, Switzerland :$cEPFL Press,$d[2015] 210 4$dİ2015 215 $a1 online resource (273 pages) 311 $a2-88915-115-8 320 $aIncludes bibliographical references. 327 $aCouverture -- Table des matie?res -- Pre?face -- Lec?on 1: La nature de la physique classique -- Interlude 1: Espaces, trigonome?trie et vecteurs -- Lec?on 2: Le mouvement -- Interlude 2: Le calcul inte?gral -- Lec?on 3: Lois de la dynamique -- Interlude 3: Diffe?rentiation partielle -- Lec?on 4: Syste?mes a? plus d'une particule -- Lec?on 5: L' energie -- Lec?on 6: Le principe de moindre action -- Lec?on 7: Syme?tries et lois de conservation -- Lec?on 8: Me?canique hamiltonienne et invariance par translation dans le temps -- Lec?on 9: Le fluide de l'espace des phases et le the?ore?me de Gibbs-Liouville -- Lec?on 10: Les crochets de Poisson, le moment angulaire et les syme?tries -- Lec?on 11: Forces e?lectriques et magne?tiques -- Appendice: Forces centripe?tes et orbites plane?taires -- Index. 606 $aPhysics 615 0$aPhysics. 676 $a294.33653 700 $aSusskind$b Leonard$0447974 702 $aHrabovsky$b George 801 0$bMiAaPQ 801 1$bMiAaPQ 801 2$bMiAaPQ 906 $aBOOK 912 $a9910789307303321 996 $aLe minimum the?orique$93831222 997 $aUNINA